Statistics for Most Common Portuguese Words

Click here to take the quiz!

General Stats

  • This quiz has been taken 483 times
  • The average score is 40 of 100

Answer Stats

#Word% Correct
2o
95%
5a
94%
88à
94%
6é
94%
8e
94%
29no
85%
31na
79%
11se
76%
4de
74%
9eu
74%
21do
71%
56nos
71%
54nós
71%
47te
71%
18ele
68%
1que
68%
35ela
67%
15me
67%
46
67%
3não
66%
7você
66%
17por
65%
26da
63%
27sim
63%
16com
62%
10um
61%
69
54%
12para
53%
36as
52%
95esta
52%
13está
52%
59eles
51%
14uma
49%
25os
48%
19em
47%
33meu
46%
55ser
46%
72sou
45%
32tem
43%
71bom
42%
28aqui
41%
82ter
41%
22como
40%
76são
40%
37seu
39%
23mas
38%
30mais
37%
81porque
37%
50quando
37%
65quem
37%
44minha
36%
68ou
36%
57tenho
35%
49vou
34%
24bem
33%
51fazer
33%
20isso
32%
39vai
32%
64onde
31%
40sua
31%
97ver
29%
63ao
28%
41estou
28%
70
28%
58
28%
94lo
27%
60quer
27%
98pra
26%
62sabe
26%
53sei
24%
34muito
22%
43tudo
22%
38vamos
22%
42foi
20%
80isto
19%
48pode
19%
91casa
18%
87estão
18%
79dizer
17%
52então
17%
77mim
17%
90nunca
17%
66quero
17%
45agora
16%
89até
15%
83coisa
14%
67era
14%
100noite
14%
61nada
12%
86assim
11%
92acho
10%
99favor
10%
84mesmo
10%
78posso
10%
96tempo
10%
93sobre
9%
85todos
9%
73disse
8%
74estava
8%
75certo
5%

Score Distribution

Percentile by Number Answered

Percent of People with Each Score

Your Score History

You have not taken this quiz